000 00502nam a2200157 i 4500
001 39321
003 ES-MaACL
007 t|
008 030227s1932 sp ||||1| spa d
100 1 _aCamerón, A. T.
_934059
245 1 0 _aManual de bioquímica /
_cpor A.T. Camerón ; traducción directa de la 2ª edición inglesa por Santiago Pi Suñer.
260 _aBarcelona :
_b[s.n.,
_c1932] (
_fClarasó)
300 _a486 p. ;
_c19 cm.
700 1 _aPi Suñer, Santiago.
_991728
852 _aES-MaACL
_jE-247
999 _c39321
_d39321